Statistics for Oakland Athletics Trivia #1

Click here to take the quiz!

General Stats

  • This quiz has been taken 7 times
  • The average score is 6 of 15

Answer Stats

HintAnswer% Correct
What team did Matt Chapman go to?Blue Jays
67%
What team did Matt Olsen go to?Braves
67%
What is the name of the series were they play the Giants?The Bay Bridge series
67%
Which A's manager won the Manager of the year award?Bob Melvin
50%
Where did the A's plan to move?Las Vegas
50%
What team did Chris Basset go to?Mets
50%
What is the name of the A's mascot?Stomper
50%
What was the A's last cy young award?Barry Zito
33%
Who is currently the A's manager?Mark Kotsay
33%
Who Was the A's last regular season MVP?Michael Tejada
33%
Who was the last A's player to throw a no hitter?Mike Fiers
33%
What is the name of the A's stadium?Oakland Coliseum
33%
In left field what is the name of the bar/game room?Tree House
33%
Which Philidelphia A's player won triple crown?Jimmie Foxx
17%
Who is the Owner of the A's?Dave Kaval
0%

Score Distribution

Percentile by Number Answered

Percent of People with Each Score

Your Score History

You have not taken this quiz